Movies Quiz

Random Movies or Letter Quiz

Movie Hangman III Quiz Stats

 Plays Quiz Updated Feb 22, 2017

Also try: Movie Hangman II
Challenge
Share
Tweet
Embed
Score 0/108 Timer 04:00
0 Plays Today
Movie % Correct
A5???
98.3%
A6???
91.7%
C5???
89.3%
S5???
89.2%
R5???
88.4%
A7???
87.7%
H5???
86.8%
E7???
84.8%
I6???
84.7%
*5 LETTER*???
84.6%
N6???
83.9%
A8???
83.5%
X5???
83.4%
Z5???
82.6%
Q5???
82.4%
V5???
82.3%
T7???
82.2%
D6???
82.1%
J5???
80.9%
E8???
80.3%
H6???
80.2%
N7???
79.9%
G6???
79.6%
W5???
79%
L7???
78.6%
D7???
78.3%
K5???
78.2%
S8???
77.2%
*6 LETTER*???
76.9%
F5???
76.7%
G7???
76.5%
R8???
75.9%
Y5???
75.4%
G5???
74.9%
N8???
74.1%
X6???
74.1%
Movie % Correct
*7 LETTER*???
73.7%
Q6???
73.4%
P5???
73.1%
Z6???
72.9%
U8???
72%
M8???
72%
X7???
71.3%
D5???
71.3%
Z7???
71%
Q7???
70.7%
V6???
70.2%
P8???
69.7%
V7???
69.3%
M5???
68.9%
J6???
68.8%
U5???
67.5%
J7???
67.4%
*8 LETTER*???
66.5%
K6???
65.7%
B5???
65.4%
L5???
65.3%
W7???
63.9%
X8???
63.8%
Z8???
63.6%
N5???
63.3%
Y6???
62.7%
K7???
62.7%
F7???
62.7%
Q8???
62.5%
V8???
61.8%
Y7???
61.6%
W6???
60.9%
O5???
59.4%
F6???
59%
I5???
58.6%
J8???
58.1%
Movie % Correct
Y8???
57.5%
W8???
57.4%
P7???
56.7%
H7???
55.7%
K8???
55.5%
B7???
54.4%
F8???
54.1%
P6???
51.8%
G8???
50.4%
C7???
49.2%
U6???
48.5%
B8???
48.3%
U7???
47%
T5???
46.9%
M7???
45.4%
B6???
45.1%
H8???
44.3%
C8???
44%
D8???
42.8%
M6???
40.6%
C6???
39.1%
O7???
37.5%
E5???
37.1%
L6???
36.8%
L8???
36%
O6???
34.3%
I7???
33.3%
R6???
27.1%
O8???
23.8%
T6???
22.3%
S6???
21.5%
I8???
21.5%
R7???
21.2%
T8???
21.2%
S7???
17.4%
E6???
15.6%

You're not logged in!

Compare scores with friends on all Sporcle quizzes.
OR
Log In

You Might Also Like...

Show Comments

Extras

Top Quizzes Today


Score Distribution

Your Account Isn't Verified!

In order to create a playlist on Sporcle, you need to verify the email address you used during registration. Go to your Sporcle Settings to finish the process.

Report this User

Report this user for behavior that violates our Community Guidelines.

Details: